[Event "EU-ch U16"]
[Site "Prague"]
[Date "2024.08.31"]
[Round "9"]
[White "Musial, Igor"]
[Black "Bodrogi, Bendeguz"]
[Result "0-1"]
[WhiteElo "2142"]
[BlackElo "2353"]
[PlyCount "92"]
[EventDate "2024.08.22"]
[EventType "swiss"]
[EventRounds "9"]
[EventCountry "CZE"]
[SourceTitle "CBM 221 Extra"]
[Source "ChessBase"]
[SourceDate "2024.09.30"]
[SourceVersion "1"]
[SourceVersionDate "2024.09.30"]
[SourceQuality "1"]

1. e4 c6 2. d4 d5 3. exd5 cxd5 4. Bd3 Nf6 5. h3 Nc6 6. c3 g6 7. Nf3 Bf5 8. 0-0 Bxd3 9. Qxd3 e6 10. Re1 Qc7 11. Be3 Bg7 12. Nbd2 0-0 13. Re2 Rfc8 14. Nb3 Ne4 15. Nfd2 Nxd2 16. Qxd2 Na5 17. Nxa5 Qxa5 18. Bh6 b5 19. a3 Bxh6 20. Qxh6 Qd8 21. h4 a5 22. Re3 b4 23. h5 bxc3 24. hxg6 hxg6 25. Rh3 Qf6 26. bxc3 Rab8 27. Rc1 Qg7 28. Qxg7+ Kxg7 29. c4 Rxc4 30. Rxc4 dxc4 31. Rc3 Rc8 32. Kf1 Kf6 33. Ke2 Ke7 34. Kd2 Kd6 35. Rf3 Rc7 36. Rg3 Rb7 37. Rg5 f5 38. Rxg6 Kd5 39. Rg8 Rb2+ 40. Kc3 Rb3+ 41. Kc2 Kxd4 42. Rd8+ Ke5 43. a4 Ra3 44. g3 Rxa4 45. f4+ Ke4 46. Rd6 Kf3 0-1

[Event "EU-ch U16"]
[Site "Prague"]
[Date "2024.08.28"]
[Round "6"]
[White "Bodrogi, Bendeguz"]
[Black "Agasarov, Benik"]
[Result "1/2-1/2"]
[WhiteElo "2353"]
[BlackElo "2387"]
[PlyCount "43"]
[EventDate "2024.08.22"]
[EventType "swiss"]
[EventRounds "9"]
[EventCountry "CZE"]
[SourceTitle "CBM 221 Extra"]
[Source "ChessBase"]
[SourceDate "2024.09.30"]
[SourceVersion "1"]
[SourceVersionDate "2024.09.30"]
[SourceQuality "1"]

1. Nf3 d5 2. g3 g6 3. Bg2 Bg7 4. d4 Nf6 5. 0-0 0-0 6. Bf4 a5 7. Nbd2 c5 8. dxc5 Nc6 9. c4 d4 10. Be5 Nxe5 11. Nxe5 Qc7 12. Nd3 Nd7 13. a3 a4 14. b4 axb3 15. Nxb3 Ne5 16. Qc2 Bd7 17. Nd2 Nxd3 18. exd3 Qxc5 19. Qb2 Bf5 20. Ne4 Qc7 21. Rfb1 Ra7 22. Qb4 1/2-1/2

[Event "EU-ch U16"]
[Site "Prague"]
[Date "2024.08.24"]
[Round "3"]
[White "Ostrovsky Berman, Noam"]
[Black "Bodrogi, Bendeguz"]
[Result "0-1"]
[WhiteElo "2098"]
[BlackElo "2353"]
[PlyCount "80"]
[EventDate "2024.08.22"]
[EventType "swiss"]
[EventRounds "9"]
[EventCountry "CZE"]
[SourceTitle "CBM 221 Extra"]
[Source "ChessBase"]
[SourceDate "2024.09.30"]
[SourceVersion "1"]
[SourceVersionDate "2024.09.30"]
[SourceQuality "1"]

1. e4 c6 2. d4 d5 3. Nd2 dxe4 4. Nxe4 Nf6 5. Nxf6+ exf6 6. c3 Bd6 7. Bd3 0-0 8. Qc2 Re8+ 9. Ne2 h5 10. 0-0 h4 11. Bf4 Na6 12. h3 Nc7 13. Bd2 Nd5 14. Rfe1 Be6 15. Bh7+ Kh8 16. Be4 b5 17. a4 a6 18. b3 Qd7 19. c4 Nb4 20. Bxb4 Bxb4 21. Red1 bxc4 22. bxc4 Bxc4 23. Qxc4 Rxe4 24. Qxb4 Rxe2 25. Re1 Re6 26. Rac1 Rae8 27. Rxe6 Rxe6 28. Qc5 g6 29. d5 cxd5 30. Qf8+ Kh7 31. Rc8 g5 32. Qg8+ Kh6 33. Rf8 Re1+ 34. Kh2 Qc7+ 35. g3 hxg3+ 36. Kg2 gxf2 37. Kxf2 Re4 38. Qh8+ Kg6 39. Rg8+ Kf5 40. Qh7+ Kf4 0-1

[Event "Budapest Lengyel Memorial IM 2nd"]
[Site "Budapest"]
[Date "2024.07.23"]
[Round "3"]
[White "To, Nhat Minh"]
[Black "Bodrogi, Bendeguz"]
[Result "1/2-1/2"]
[WhiteElo "2323"]
[BlackElo "2365"]
[PlyCount "82"]
[EventDate "2024.07.22"]
[EventType "tourn"]
[EventRounds "9"]
[EventCountry "HUN"]
[SourceTitle "CBM 221 Extra"]
[Source "ChessBase"]
[SourceDate "2024.09.30"]
[SourceVersion "1"]
[SourceVersionDate "2024.09.30"]
[SourceQuality "1"]

1. d4 d5 2. c4 e6 3. Nc3 a6 4. cxd5 exd5 5. Nf3 h6 6. Bf4 Nf6 7. e3 Bd6 8. Be5 c6 9. Bd3 0-0 10. 0-0 Re8 11. Bxd6 Qxd6 12. h3 Be6 13. Qc2 Nbd7 14. Rfd1 Qe7 15. Rac1 Nb6 16. Ne5 Nc8 17. Ne2 Nd6 18. Nf4 h5 19. f3 Red8 20. Re1 Bc8 21. g4 g5 22. Ng2 hxg4 23. hxg4 Nd7 24. Nxd7 Bxd7 25. Qf2 Kg7 26. Qg3 Rh8 27. e4 dxe4 28. fxe4 Nb5 29. d5 cxd5 30. Bxb5 Bxb5 31. Ne3 Bd7 32. Rc7 Qb4 33. Re2 Qd4 34. exd5 Rhe8 35. Qf2 Qf4 36. Nf5+ Bxf5 37. Qxf4 gxf4 38. Rxe8 Rxe8 39. gxf5 Rd8 40. Rxb7 Rxd5 41. Kf2 Rxf5 1/2-1/2